|
|
|
|
| LEADER |
00000nab a2200000 a 4500 |
| 001 |
vtls010690961 |
| 003 |
SK-MaSNL |
| 005 |
20260303085941.0 |
| 008 |
150708c2015 xo mr p 000 c0ukr |
| 015 |
|
|
|a SNBRB2015/07
|
| 038 |
|
|
|a SVKPOCL
|
| 040 |
|
|
|a SVKPOCL
|b slo
|c SVKPOCL
|e AACR2
|
| 041 |
0 |
|
|a ukr
|
| 044 |
|
|
|a xo
|c SK
|
| 080 |
|
|
|a 821.161.2
|2 2001
|
| 080 |
|
|
|a 80(=16)+908(4)
|2 2001
|
| 080 |
|
|
|a 80(=161.2)+908(477)
|2 2001
|
| 080 |
|
|
|a 821.161.2-342
|2 2001
|
| 080 |
|
|
|a 398.21
|2 2001
|
| 245 |
0 |
0 |
|a Jak maty stala zozuleju
|b (lehenda)
|
| 650 |
0 |
7 |
|a ukrajinská literatúra
|2 svkpocl
|9 1218
|
| 650 |
0 |
7 |
|a ukrajinská próza
|2 svkpocl
|9 82745
|
| 650 |
0 |
7 |
|a slavistika
|2 svkpocl
|9 4282
|
| 650 |
0 |
7 |
|a ukrajinistika
|2 svkpocl
|9 51200
|
| 655 |
|
7 |
|a ukrajinské legendy
|2 svkpocl
|9 1096189
|
| 773 |
0 |
|
|t Veselka
|g Roč. 65, č. 10 (2014/2015), s. 5
|
| 852 |
|
|
|a SVKPO
|b KIS3GCP
|
| 856 |
4 |
1 |
|u www.rusini-ukrajinci.tym.sk
|
| 958 |
|
|
|a UK
|
| 958 |
|
|
|a LX
|
| 958 |
|
|
|a SK
|
| 958 |
|
|
|a SS
|
| 999 |
|
|
|c 1801287
|d 1803217
|